| 000 | 01758aam a2200325 i 4500 | ||
|---|---|---|---|
| 001 | 768714001 | ||
| 003 | CO-MdFUSB | ||
| 005 | 20250515144059.0 | ||
| 007 | ta | ||
| 008 | 250515t1999 cr |||| |||| 00| 0 spa d | ||
| 020 | _a9968-881-06-6 | ||
| 040 | _cCO-MdFUSB | ||
| 041 | 0 | _aspa | |
| 082 | 0 | 4 |
_223 _a248.11 _bD4419m |
| 240 | _aBuilding church leaders | ||
| 245 | 1 | 0 |
_aManual de formación de líderes _c/ traducido por Carla de Olaechea , Adriana Podestá |
| 250 | _asexta edición | ||
| 264 | 1 |
_bDesarrollo Cristiano Internacional, _aSan José, Costa Rica : _c[1999] |
|
| 264 | 4 | _c©1999 | |
| 300 | _a203 páginas | ||
| 336 |
_atexto _btxt _2rdacontent |
||
| 337 |
_2rdamedia _asin mediación _bn |
||
| 338 |
_2rdacarrier _avolumen _bnc |
||
| 505 |
_aVolumen I: La evaluación de las necesidades de la iglesia - El carácter de un líder - Cómo acercarse a las personas - La salud de la iglesia - El cuidado espiritual - Manejo de conflictos - Cómo reclutar voluntarios y personal - Las finanzas - Cómo motivar a los líderes - La adoración - La visión - Formación de un equipo. _aVolumen II: Formación espiritual - Oración y avivamiento - Grupos pequeños y sanos - El mentor - Energía y entusiasmo - Desarrollo del voluntariado - Crear espíritu de comunidad - Misiones - El cuidado pastoral de otras personas - Lograr mirar hacia fuera - Integridad - Fundamentos del liderazgo - Evangelismo atractivo - El líder y su familia |
||
| 563 | _aRústico | ||
| 700 |
_aOlaechea, Carla de, _911489 _etraductor |
||
| 700 |
_aPodestá, Adriana, _911490 _etraductor |
||
| 942 | _cBK | ||
| 945 | _aJTF-925 | ||
| 999 |
_c42900 _d42900 |
||